Geología (Record no. 8768)

MARC details
000 -LEADER
campo de control de longitud fija 00825nam a2200253 i 4500
001 - NÚMERO DE CONTROL
campo de control 8768
003 - IDENTIFICADOR DE NÚMERO DE CONTROL
campo de control ES-MaACL
005 - FECHA Y HORA DE LA ÚLTIMA TRANSACCIÓN
campo de control 20250815110831.0
007 - CAMPO FIJO DE DESCRIPCIÓN FÍSICA--INFORMACIÓN GENERAL
campo de control de longitud fija t|
008 - DATOS DE LONGITUD FIJA--INFORMACIÓN GENERAL
campo de control de longitud fija 920928s1990 sp ||||1| spa d
020 ## - NÚMERO INTERNACIONAL ESTÁNDAR DEL LIBRO
Número Internacional Estándar del Libro 84-263-0470-2
080 ## - NÚMERO DE LA CLASIFICACIÓN DECIMAL UNIVERSAL
Número de la Clasificación Decimal Universal 551.3
100 1# - ENTRADA PRINCIPAL--NOMBRE DE PERSONA
Nombre de persona Ancochea Soto, Eumenio.
9 (RLIN) 21412
245 10 - MENCIÓN DEL TÍTULO
Título Geología
Resto del título : procesos externos /
Mención de responsabilidad, etc. Eumenio Ancochea Soto, Francisco Anguita Virella, Fernando Moreno Serrano.
260 ## - PUBLICACIÓN, DISTRIBUCIÓN, ETC.
Lugar de publicación, distribución, etc. Zaragoza :
Nombre del editor, distribuidor, etc. Luis Vives,
Fecha de publicación, distribución, etc. D.L. 1990.
300 ## - DESCRIPCIÓN FÍSICA
Extensión 254 p. :
Otras características físicas il. ;
Dimensiones 26 cm.
490 1# - MENCIÓN DE SERIE
Mención de serie Edelvives. Universidad
650 07 - PUNTO DE ACCESO ADICIONAL DE MATERIA--TÉRMINO DE MATERIA
Término de materia o nombre geográfico como elemento de entrada Geología
Fuente del encabezamiento o término embne
9 (RLIN) 13086
700 1# - ENTRADA AGREGADA--NOMBRE PERSONAL
Nombre de persona Anguita Virella, Francisco.
9 (RLIN) 21773
700 1# - ENTRADA AGREGADA--NOMBRE PERSONAL
Nombre de persona Moreno Serrano, Fernando.
9 (RLIN) 83435
830 0# - PUNTO DE ACCESO ADICIONAL DE SERIE-TÍTULO UNIFORME
Título uniforme Edelvives. Universidad
9 (RLIN) 227999
852 ## - LOCALIZACIÓN
Ubicación ES-MaACL
Número de control de estantería L-16159
Sublocalización o colección R.120868
Holdings
Estatus retirado Estado de pérdida Estado de daño No para préstamo Biblioteca de origen Biblioteca actual Ubicación en estantería Fecha de adquisición Fuente de adquisición Total de préstamos Signatura topográfica completa Código de barras Visto por última vez Precio de reemplazo Tipo de ítem Koha
        Biblioteca del Ateneo de Madrid Biblioteca del Ateneo de Madrid Depósito 2 17/01/2008     L-16159 1008954 23/02/2023 23/02/2023 Libro impreso